|
|
|
|
| LEADER |
01332nam a2200349Ia 4500 |
| 001 |
EBC747677 |
| 003 |
MiAaPQ |
| 005 |
20200520144314.0 |
| 006 |
m o d | |
| 007 |
cr cn||||||||| |
| 008 |
080804s2008 gw sb 000 0 eng d |
| 020 |
|
|
|z 9783835009462
|
| 020 |
|
|
|z 9783835055889
|
| 035 |
|
|
|a (MiAaPQ)EBC747677
|
| 035 |
|
|
|a (Au-PeEL)EBL747677
|
| 035 |
|
|
|a (CaPaEBR)ebr10240732
|
| 035 |
|
|
|a (CaONFJC)MIL173439
|
| 035 |
|
|
|a (OCoLC)288524225
|
| 040 |
|
|
|a MiAaPQ
|c MiAaPQ
|d MiAaPQ
|
| 050 |
|
4 |
|a HD2365
|b .B45 2008
|
| 100 |
1 |
|
|a Beimborn, Daniel.
|
| 245 |
1 |
0 |
|a Cooperative sourcing
|h [electronic resource] :
|b simulation studies and empirical data on outsourcing coalitions in the banking industry /
|c Daniel Beimborn.
|
| 250 |
|
|
|a 1st ed.
|
| 260 |
|
|
|a Wiesbaden :
|b Betriebswirtschaftlicher Verlag Dr.Th. Gabler / GWV Fachverlage GmbH,
|c c2008.
|
| 300 |
|
|
|a xxvii, 458 p.
|
| 504 |
|
|
|a Includes bibliographical references.
|
| 533 |
|
|
|a Electronic reproduction. Ann Arbor, MI : ProQuest, 2015. Available via World Wide Web. Access may be limited to ProQuest affiliated libraries.
|
| 650 |
|
0 |
|a Banks and banking.
|
| 650 |
|
0 |
|a Contracting out.
|
| 655 |
|
4 |
|a Electronic books.
|
| 710 |
2 |
|
|a ProQuest (Firm)
|
| 856 |
4 |
0 |
|u https://ebookcentral.proquest.com/lib/matrademy/detail.action?docID=747677
|z Click to View
|